000 00550nam a2200229Ia 4500
003 OSt
005 20220918180738.0
006 a|||||r|||| 00| 0
007 ta
008 220917b |||||||| |||| 00| 0 eng d
024 _a23,884
037 _cTextual
040 _aARTS
_cARTS
_beng
041 _2eng
_aeng
082 _aO:9M88, J4
100 _aEliot T S
245 0 _aIdea of a Christian society
260 _c1954
650 _aENGLISH LITERATURE
942 _hO:9M88, J4
_cTEXL
_2CC
999 _c162894
_d162894